Global dexterity : (Record no. 17505)

000 -LEADER
fixed length control field 00625cam a2200193 i 4500
020 ## - INTERNATIONAL STANDARD BOOK NUMBER
ISBN 9781422187272 (alk. paper)
040 ## - CATALOGING SOURCE
Transcribing agency DLC
082 00 - DEWEY DECIMAL CLASSIFICATION NUMBER
Classification number 395 MOL 2013 A116 Or.
100 1# - MAIN ENTRY--AUTHOR NAME
Personal name Molinsky, Andy.
245 10 - TITLE STATEMENT
Title Global dexterity :
Remainder of title how to adapt your behavior across cultures without losing yourself in the process /
300 ## - PHYSICAL DESCRIPTION
Number of Pages xxii, 200 pages :
Other physical details illustrations ;
Dimensions 22 cm
650 #0 - SUBJECT ADDED ENTRY--TOPICAL TERM
Topical Term International business enterprises
650 #0 - SUBJECT ADDED ENTRY--TOPICAL TERM
Topical Term Management
650 #0 - SUBJECT ADDED ENTRY--TOPICAL TERM
Topical Term Corporate culture
650 #0 - SUBJECT ADDED ENTRY--TOPICAL TERM
Topical Term Intercultural communication.
650 #0 - SUBJECT ADDED ENTRY--TOPICAL TERM
Topical Term Diversity in the workplace.
650 #0 - SUBJECT ADDED ENTRY--TOPICAL TERM
Topical Term Business etiquette.
942 ## - ADDED ENTRY ELEMENTS (KOHA)
Koha item type ADB
952 ## - LOCATION AND ITEM INFORMATION (KOHA)
Withdrawn status [LOCAL, KOHA] 0
Holdings
Permanent Location Date acquired Koha item type Lost status Shelving location Barcode Current Location Full call number
Library Block A2018-12-04សៀវភៅភាសាអង់គ្លេស A116A36417Library Block A395 MOL 2013 A116 Or.
មជ្ឈមណ្ឌលឯការនៃសាកលវិទ្យាល័យភូមិន្ទកសិកម្មចំការដូង

Powered by Koha